Las fuentes del orden constitucional chileno

Saved in:
Bibliografiske detaljer
Hovedforfatter: Henríquez Viñas, Miriam Lorena
Format: Bog
Sprog:spansk
Udgivet: Santiago Legal Publishing 2016
Udgivelse:1a. ed
Serier:Monografías
Fag:
Tags: Tilføj Tag
Ingen Tags, Vær først til at tagge denne postø!

MARC

LEADER 00000cam a2200000 a 4500
001 UCD6304
003 CL-VaPUC
008 161201e20160000cl |||||||||||||||||spa|d
020 |a 9789563468267 
082 0 4 |a 342.83  |b HEN  |2 21 
100 |a Henríquez Viñas, Miriam Lorena  |9 737728 
245 1 4 |a Las fuentes del orden constitucional chileno 
250 |a 1a. ed 
300 |a 160 p 
942 |c BK 
945 |d 20161201 17:35:00  |a dcastane 
260 |a Santiago  |b Legal Publishing  |c 2016 
650 0 |a Derecho constitucional chileno  |9 478271 
650 0 |a Jurisprudencia  |9 255952 
650 7 |a GARANTIAS CONSTITUCIONALES  |2 CL-VaPUC  |9 590090 
583 |a last modification  |c 20161201 17:35:00  |k Rodrigo Vera 
490 0 |a Monografías 
999 |c 366661  |d 366659 
952 |0 0  |1 0  |3 erb  |4 0  |6 342_830000000000000_HEN_2016  |7 0  |8 A  |9 481101  |a BIBDER  |b BIBDER  |i 5352592  |o 342.83 HEN 2016  |p 5352592  |r 2023-01-25  |w 2019-11-24  |y BK  |z Catalogado en:20161201  |k DER